00854cam a2200241 i 4500003000900000005001700009007000300026008004100029020001800070040003000088082001200118100003000130245006800160246007500228264006800303300002600371336002700397337003400424338002800458490001200486500007600498700003800574DO-SdBNP20231011153051.0ta751003s2018 sp 001 f spa d a9788499928289 aDO-SdBNPbspacBNPHUerda 4bE212221 aEdelstein, José d1968-10aEinstein para perplejos /cJosé Edelstein, Andrés Gomberoff1 aEinstein para perplejos :bmateria, energía, luz, espacio y tiempo / 1a[Barcelona], España :bPenguin Random House, bDebate,c2018. a281 páginasc23 cm. 2rdacontentatextobtxt 2rdamediaasin mediación bn 2rdacarrieravolumenbnc1 aCiencia aIncluye datos biografícos de los autores en la solapa de la portada. 1 aGomberoff, Andréseautord1969-